<?xml version="1.0" encoding="UTF-8"?>
<marc:record xmlns:marc="http://www.loc.gov/MARC21/slim">
   <marc:leader>00000nam a2200000 a 4500</marc:leader>
   <marc:datafield ind1="1" ind2=" " tag="100">
      <marc:subfield code="a">Benzing, Anna</marc:subfield>
      <marc:subfield code="4">aut</marc:subfield>
      <marc:subfield code="e">Verfasser/-in</marc:subfield>
   </marc:datafield>
   <marc:datafield ind1="1" ind2=" " tag="100">
      <marc:subfield code="a">Potofski, Ulli</marc:subfield>
   </marc:datafield>
   <marc:datafield ind1=" " ind2=" " tag="653">
      <marc:subfield code="a">Pferd</marc:subfield>
   </marc:datafield>
   <marc:datafield ind1=" " ind2=" " tag="653">
      <marc:subfield code="a">Abenteuer</marc:subfield>
   </marc:datafield>
   <marc:datafield ind1="0" ind2="0" tag="245">
      <marc:subfield code="a">Kati &amp; Azuro. 15 [Tonträger]</marc:subfield>
   </marc:datafield>
   <marc:datafield ind1="0" ind2="0" tag="245">
      <marc:subfield code="b">Spuren im Schnee</marc:subfield>
   </marc:datafield>
   <marc:datafield ind1="0" ind2="0" tag="245">
      <marc:subfield code="c">Anna Benzing</marc:subfield>
   </marc:datafield>
   <marc:datafield ind1=" " ind2="1" tag="264">
      <marc:subfield code="a">EU ; www.kati-und-azuro.de</marc:subfield>
      <marc:subfield code="b">Sony Music Entertainment Germany GmbH. Distributed by Sony Music Entertainment</marc:subfield>
      <marc:subfield code="c">2016</marc:subfield>
   </marc:datafield>
   <marc:datafield ind1="1" ind2=" " tag="490">
      <marc:subfield code="a">Kati &amp; Azuro</marc:subfield>
      <marc:subfield code="v">15</marc:subfield>
   </marc:datafield>
   <marc:datafield ind1="1" ind2=" " tag="520">
      <marc:subfield code="a">Ekliges Matschwetter kurz vor Weihnachten in Flintrup. Kati wünscht sich sehnlichst Schnee. Cleo lieber einen Detektivfall. Beide bekommen bald mehr, als sie wollen. Ausgerechnet als es kalt wird und zu schneien beginnt, bleibt ein Reisebus mit rund 30 Passagieren kurz vor Flintrup liegen. Katis Vater nimmt zwei der im Dorf gestrandeten Kinder, Boris und Natalia, auf dem Fasanenhof auf. Doch der hochnäsige Boris nervt Kati, Cleo und seine eigene Schwester nicht nur, sondern bringt sich und die Mädchen unwissentlich auch in große Gefahr. Nur einer hat von Anfang an die tückischen Verwicklungen gewittert: Azuro beweist wieder einmal nicht nur seine große Treue, sonder vor allem sein detektivisches Gespür. (Verlagstext)</marc:subfield>
   </marc:datafield>
   <marc:datafield ind1=" " ind2=" " tag="020">
      <marc:subfield code="a">888751815124</marc:subfield>
      <marc:subfield code="9">888751815124</marc:subfield>
   </marc:datafield>
   <marc:datafield ind1="0" ind2=" " tag="490">
      <marc:subfield code="v">0</marc:subfield>
   </marc:datafield>
   <marc:datafield ind1=" " ind2=" " tag="300">
      <marc:subfield code="a">1 CD (53:42 Min.) : + 1 Beiheft</marc:subfield>
   </marc:datafield>
</marc:record>
